000 02111 a2200253 4500
001 31960
005 20260407155621.0
008 260407a1995 arg spa d
003 AR-UNSa-BCEJYS
040 _aAR-UNSa-BCEJYS
_bspa
_cAR-UNSa-BCEJYS
080 _a658.3
_xPersonal. Relaciones humanas en la empresa (Recursos Humanos)
245 1 0 _aFundamentos de dirección y administración de empresas
020 _a84-8086-187-8
264 1 _aBarcelona :
_bIrwin
_c1995
300 _a848 p.
_c25 cm.
505 _aParte I: La gerencia y su entorno: 1. Los gerentes y el estudio de la dirección de empresas - 2. Los gerentes y su entorno - 3. Las responsabilidades éticas y sociales de la gerencia - Parte II. La administración del trabajo y de las organizaciones: Planificación, organización y control - 4. La toma de decisiones en la gerencia - 5. La función de la planificación - 6. La planificación estratégica - 7. La función de organizar - 8. El diseño de la organiación - 9. La función de controlar - Parte III: La dirección de personal en las organizaciones: el liderazgo - 10. La motivación - 11. La dirección de grupos de trabajo - 12. El liderazgo de personas en las organizaciones - 13. La comuinicación - 14. La dirección de recursos humanos - 15. El cambio y el desarrollo en las organizaciones - Parte IV: La gestión de la producción y de las operaciones: planificacion, organización y control - 16. Gestión de la producción y de las operaciones - 17. Sistemas de apoyo de decisiones - 18. La planificación de la producción - 18. La planificación y el control del inventario - PARTE V: Reto de la dirección de empresas en el siglo XXI - 20. Los emprendedores - 21. La dirección en el etorno global - 22. Las carreras en dirección de empresas.
942 _cBK
590 _aniveau_biblio:m niveau_hierar:0
100 1 _aGibson, James L.
700 1 _aDonnelly, James H., Jr.
700 1 _aSánchez Carrión, Miguel Angel
700 1 _aIvancevich, John M.
856 4 1 _uhttps://biblioeco.unsa.edu.ar/pmb/images/libros/L70149.jpg
_yImagen de portada
_qimage/jpeg
999 _c2227
_d2227